| 000 | 00484nam a22001817a 4500 | ||
|---|---|---|---|
| 003 | DO-SdBNP | ||
| 005 | 20221031135518.0 | ||
| 007 | ta | ||
| 008 | 221031b2012 dr ||||| |||| 00| 0 spa d | ||
| 040 |
_aDO-SdBNP _bspa _cBNPHU |
||
| 082 | 4 | _222 | |
| 245 | 0 | 0 | _aPlan estratégico 2011-2014 |
| 260 |
_aSanto Domingo : _bGabinete de Coordinación de Políticas Sociales, _c2012. |
||
| 300 |
_a37 p. ; _c22 cm. |
||
| 590 | _aInventariado, 2022/BT | ||
| 910 | _aBtavárez | ||
| 942 |
_2ddc _cLF2 |
||
| 999 |
_c52677 _d52677 |
||